|
|
|
|
| LEADER |
01130nam a2200277 a 4500 |
| 001 |
14615948 |
| 008 |
120926s2007 nju b 001 0 eng d |
| 010 |
|
|
|a 2006036200
|
| 020 |
|
|
|a 9780470057476 (cloth : alk. paper)
|
| 040 |
|
|
|a DLC
|c DLC
|d DLC
|d BD-DhAAL
|
| 082 |
0 |
0 |
|a 006.3
|2 22
|
| 100 |
1 |
|
|a Bellifemine, Fabio Luigi.
|
| 245 |
1 |
0 |
|a Developing multi-agent systems with jade /
|c Fabio Luigi Bellifemine, Giovanni Caire, Dominic Greenwood.
|
| 260 |
|
|
|a Hoboken, NJ :
|b John Wiley,
|c 2007.
|
| 300 |
|
|
|a x, 286 p. :
|b ill.
|c 26 cm.
|
| 491 |
1 |
|
|a Wiley Series Agent Technology
|
| 504 |
|
|
|a Includes bibliographical references and index.
|
| 541 |
|
|
|a 00025939
|
| 650 |
|
0 |
|a Intelligent agents (Computer software)
|
| 650 |
|
0 |
|a Object-oriented programming (Computer science)
|
| 650 |
|
0 |
|a Java (Computer program language)
|
| 700 |
1 |
|
|a Caire, Giovanni.
|
| 700 |
1 |
|
|a Greenwood, Dominic.
|
| 852 |
1 |
|
|a Ayesha Abed Library
|j General shelf
|
| 999 |
|
|
|c 12853
|d 12853
|
| 952 |
|
|
|0 0
|1 0
|4 0
|6 006_300000000000000_BEL
|7 0
|9 21159
|a BRACUL
|b BRACUL
|c GEN
|d 2012-09-26
|e Karim International
|g 8500.00
|l 0
|o 006.3 BEL
|p 3010025939
|r 2012-09-29
|t 1
|w 2012-09-26
|y BK
|